Caracteres del genio (Record no. 79738)

MARC details
000 -LEADER
campo de control de longitud fija 00416nam a2200145 i 4500
001 - NÚMERO DE CONTROL
campo de control 79738
003 - IDENTIFICADOR DE NÚMERO DE CONTROL
campo de control ES-MaACL
005 - FECHA Y HORA DE LA ÚLTIMA TRANSACCIÓN
campo de control 20230906174036.0
007 - CAMPO FIJO DE DESCRIPCIÓN FÍSICA--INFORMACIÓN GENERAL
campo de control de longitud fija t|
008 - DATOS DE LONGITUD FIJA--INFORMACIÓN GENERAL
campo de control de longitud fija 041022s1912 ag ||||1| spa d
100 1# - ENTRADA PRINCIPAL--NOMBRE DE PERSONA
Nombre de persona Herrero, Antonio.
9 (RLIN) 63257
245 10 - MENCIÓN DEL TÍTULO
Título Caracteres del genio
Resto del título : (la obra de Juan Vucetich) /
Mención de responsabilidad, etc. Antonio Herrero.
260 ## - PUBLICACIÓN, DISTRIBUCIÓN, ETC.
Lugar de publicación, distribución, etc. Buenos Aires :
Nombre del editor, distribuidor, etc. Martín García,
Fecha de publicación, distribución, etc. 1912.
852 ## - LOCALIZACIÓN
Ubicación ES-MaACL
Número de control de estantería T-1334-F-8
Holdings
Estatus retirado Estado de pérdida Estado de daño No para préstamo Colección Biblioteca de origen Biblioteca actual Ubicación en estantería Fecha de adquisición Fuente de adquisición Total de préstamos Signatura topográfica completa Código de barras Visto por última vez Precio de reemplazo Tipo de ítem Koha
        Colección de folletos Biblioteca del Ateneo de Madrid Biblioteca del Ateneo de Madrid Depósito folletos 17/01/2008     T-1334-F-8 1083378 23/02/2023 23/02/2023 Folleto